দ্যা রেইপ অব বাংলাদেশ / (Record no. 6901)
[ view plain ]
| 000 -LEADER | |
|---|---|
| fixed length control field | 01086nam a22002177a 4500 |
| 003 - CONTROL NUMBER IDENTIFIER | |
| control field | BUBTL |
| 008 - FIXED-LENGTH DATA ELEMENTS--GENERAL INFORMATION | |
| fixed length control field | 230107b ||||| |||| 00| 0 eng d |
| 020 ## - INTERNATIONAL STANDARD BOOK NUMBER | |
| International Standard Book Number | 9848548069 |
| 082 ## - DEWEY DECIMAL CLASSIFICATION NUMBER | |
| Classification number | 954.92/ M373r/ 1989 |
| 100 ## - MAIN ENTRY--PERSONAL NAME | |
| 9 (RLIN) | 5143 |
| Personal name | মাসকারেণহাস, অ্যান্থনী |
| 245 ## - TITLE STATEMENT | |
| Title | দ্যা রেইপ অব বাংলাদেশ / |
| Statement of responsibility, etc. | অ্যান্থনী মাসকারেণহাস |
| 250 ## - EDITION STATEMENT | |
| Edition statement | 1st Edn |
| 260 ## - PUBLICATION, DISTRIBUTION, ETC. (IMPRINT) | |
| Place of publication, distribution, etc. | ঢাকা: |
| Name of publisher, distributor, etc. | পপুলাব পাবলিশার্স, |
| Date of publication, distribution, etc. | c1989 |
| 300 ## - PHYSICAL DESCRIPTION | |
| Extent | 164 p.: |
| Other physical details | ill.; |
| Dimensions | 22 cm. |
| 505 ## - FORMATTED CONTENTS NOTE | |
| Formatted contents note | দ্যা রেইপ অব বাংলাদেশ, বাংলাদেশ, অ্যান্থনী মাসকারেণহাস, রবীন্দ্রনাথ ত্রিবেদী, মুক্তিযুদ্ধ, Liberation War |
| 650 #0 - SUBJECT ADDED ENTRY--TOPICAL TERM | |
| 9 (RLIN) | 1755 |
| Topical term or geographic name as entry element | মুক্তিযুদ্ধ |
| 700 ## - ADDED ENTRY--PERSONAL NAME | |
| 9 (RLIN) | 2332 |
| Personal name | ত্রিবেদী, রবীন্দ্রনাথ |
| 856 ## - ELECTRONIC LOCATION AND ACCESS | |
| Password | 0 |
| Logon | 0 |
| Link text | Download |
| 942 ## - ADDED ENTRY ELEMENTS (KOHA) | |
| Source of classification or shelving scheme | |
| Koha item type | Books |
| Withdrawn status | Lost status | Source of classification or shelving scheme | Damaged status | Not for loan | Collection code | Permanent location | Current location | Shelving location | Date acquired | Source of acquisition | Inventory number | Total Checkouts | Full call number | Barcode | Date last seen | Date last checked out | Copy number | Price effective from | Koha item type |
|---|---|---|---|---|---|---|---|---|---|---|---|---|---|---|---|---|---|---|---|
| Historical Books | Bangladesh University of Business and Technology Library | Bangladesh University of Business and Technology Library | Historical Books | 10/23/2016 | Purchase | 22668 | 1 | 954.92/ M373r/ 1989 | BUBTL-200322668 | 01/28/2024 | 01/16/2024 | C-1 | 01/07/2023 | Books | |||||
| Historical Books | Bangladesh University of Business and Technology Library | Bangladesh University of Business and Technology Library | Historical Books | 10/23/2016 | Purchase | 22667 | 1 | 954.92/ M373r/ 1989 | BUBTL-200322667 | 10/25/2023 | 10/18/2023 | C-1 | 09/26/2023 | Books |
